MDQL
is popping MORE tags! Check the
thread
!
Quizzes
Events
Quiz Creation
Community
Videos
Private Events
Remove Ads
Sign In
Join for FREE
Feedback
Dark Mode
Quiz Categories
Sports
Geography
Music
Movies
Television
Just For Fun
Miscellaneous
History
Literature
Language
Science
Gaming
Entertainment
Religion
Holiday
For Kids
Quiz Lab
Recent
Popular Today
Quiz Kudos Today
Editor Picks
Curator Picks
Quizzes by...
Day
Popularity
Type
Ratings
Length
Year
Community
Subscriptions
Recent Discussions
Orange Saloon
Badges
Playlists
Quests
Create
Leaderboards
Showdown
Live 5
Trivia Bingo
Activity
Puzzle Library
Sporcle Events
Private Events
Virtual Trivia
Globe League
Become a Host
Pub Owners
SporcleCon
Opinionation
Our Games
Videos
Blog
Mobile Apps
Partnerships
Remove Ads and Go Orange
Feedback
Sports
Athletes
MLB
NBA
NHL
NFL
Soccer
Sports Teams
WWE
NCAA
Football
Premier League
Basketball
Baseball
Hockey
Golf
Tennis
Cricket
Rugby
Auto Racing
Olympics
World Cup
Sports
Athletes
MLB
NBA
NHL
NFL
Soccer
Sports Teams
WWE
NCAA
Football
Premier League
Basketball
Baseball
Hockey
Golf
Tennis
Cricket
Rugby
Auto Racing
Olympics
World Cup
Random Quiz
Search Sporcle
×
Editor Pick
Editor Pick
Sports
Premier League
Type in answers that appear in a list
Type in answers that appear in a list
Classic
Best Score? Go Orange.
16/17 Top 3 Goals+Assists for each EPL team (All comp) Stats
Can you name the 16/17 Top 3 Goals+Assists for each EPL team (All comp)?
By
bttorn
15m
60 Questions
17.3K Plays
17,347 Plays
17,347 Plays
Comments
Comments
Give Quiz Kudos
Give Quiz Kudos
-
- Ratings
hide this ad
More Info
Replay
Link that replays current quiz
Next Quiz
Link to next quiz in quiz playlist
You Got
0%
They Got
Avg Score
62%
Avg Friend Score
Upgrade to see
Score Distribution
Jump to the score distribution portion of the page
Score
0/60
Timer
15:00
1
Play Today
Hint
Answer
% Correct
Tottenham
Harry Kane
98%
Chelsea
Diego Costa
97.3%
Chelsea
Eden Hazard
96.9%
Man City
Sergio Aguero
96.9%
Arsenal
Alexis Sanchez
95.2%
Everton
Romelu Lukaku
94.2%
Man Utd
Zlatan Ibrahimovic
92.8%
Tottenham
Dele Alli
92.7%
Arsenal
Mesut Ozil
91%
Leicester City
Jamie Vardy
90.8%
Liverpool
Phillipe Coutinho
90.2%
Liverpool
Roberto Firmino
89.2%
Arsenal
Olivier Giroud
88.9%
Liverpool
Sadio Mane
88%
Man City
Kevin De Bruyne
87.4%
Tottenham
Christian Eriksen
87%
Leicester City
Riyad Mahrez
86.5%
Man Utd
Marcus Rashford
83.9%
Sunderland
Jermain Defoe
83%
Man City
Raheem Sterling
81.2%
Chelsea
Pedro
80.2%
Crystal Palace
Christian Benteke
79.6%
Man Utd
Wayne Rooney
79%
Watford
Troy Deeney
75.7%
Bournemouth
Joshua King
75.5%
Southampton
Redmond, Rodriguez, Long, Ward-Prowse
73.2%
Crystal Palace
Wilfried Zaha
71.2%
Swansea
Gylfi Sigurdsson
69.4%
Stoke City
Peter Crouch
68.9%
Everton
Ross Barkley
68.5%
Hint
Answer
% Correct
West Brom
Salomon Rondon
66.8%
Swansea
Fernando Llorente
64.5%
Middlesbrough
Alvaro Negredo
62.8%
Leicester City
Albrighton, Slimani
61.3%
Burnley
Sam Vokes
56.2%
Stoke City
Marko Arnautovic
55%
Burnley
Andre Gray
54%
West Ham
Dimitri Payet
53.1%
Everton
Kevin Mirallas
52.3%
Southampton
Dusan Tadic
50.8%
West Ham
Michail Antonio
50.7%
Southampton
Charlie Austin
49.7%
West Ham
Manuel Lanzini
48.1%
Hull City
Abel Hernandez
40%
Crystal Palace
Andros Townsend
37.5%
Middlesbrough
Downing, Ramirez
35.7%
Hull City
Robert Snodgrass
35.2%
Watford
Etienne Capoue
34.5%
West Brom
Matt Phillips
31.3%
Swansea
Leroy Fer
30%
West Brom
Nacer Chadli
29.2%
Bournemouth
Junior Stanislas
28.4%
Stoke City
Joe Allen
28.1%
Hull City
Niasse, Maguire, Maloney
27.2%
Burnley
Ashley Barnes
26.5%
Bournemouth
Ryan Fraser
24%
Middlesbrough
De Roon, Stuani
23.6%
Sunderland
Van Aanholt, Anichebe
22.7%
Sunderland
Adnan Januzaj
14.4%
Watford
Jose Holebas
10.8%
Quiz Playlist
Details
Report
Send in Message
Add To Playlist
More Info:
Includes goals and assists for all club competitions.
Classic:
Type in answers that appear in a list
Last Updated: Sep 21, 2017
Editor Pick in
Sports
Curator Pick in
Premier League
Quiz Scoreboard
CHALLENGE
Sign Up to Join the Scoreboard
Show All
Scores
Hide
Comments
May contain spoilers
Recently Published
1-10 Letter E Words III
by El_Dandy
Language
2m
Street Fighter Characters
by Artimus82
Gaming
60s
College Basketball Coaching Resumes
by pancakes188
Sports
9m
More to Explore
Quiz From the Vault
Featured Blog Post
Where Did the Easter Bunny Come From?
hide this ad
You Might Also Like...
Tags
Premier League Quiz
Soccer Quiz
English Soccer
Today's Top Quizzes in Sports
Browse Sports
hide this ad
Today's Top Quizzes in Premier League
Browse Premier League
Top Contributed Quizzes in Sports
1
2022 World Cup Stars
2
Les meilleurs buteurs des matchs entre le PSG et l’OM
3
FIFA Club World Cup Champions
4
Les entraîneurs de l'OM et du PSG au 21e siècle
5
Criteria MLB: Left Handed Sluggers
6
2023 MLB Unique Player Accomplishments
7
AFC Teams Reveal (Wrong Answers Minefield)
8
Players with Multiple 50 Home Run Seasons
9
5-to-1: FBS Animal Nicknames
10
5-to-1: UK Sports Teams
Explore More
Trending Topics
NBA
Kpop
Marvel
Disney
Crossword
Harry Potter
Anime
Pokémon
The Office
Puzzle
NFL
Soccer
Country
WWE
Song
hide this ad
More By:
bttorn
Quiz
Plays
Rating
Category
Featured
Created
16/17 Top 3 Goals+Assists for each EPL team (All comp)
17,347
4.29
Sports
May 29, 2017
20+ league goals in a season since 00/01(Top 5 Leagues)
14,286
5.00
Sports
Feb 28, 2016
Euro Qualifying Top 52 Scorers (1992-2015)
7,084
4.81
Sports
Nov 18, 2015
Premier League top assist per club since 2002
5,185
4.67
Sports
Nov 16, 2015
≥10 league goals for bottom half clubs (EPL)
4,371
4.79
Sports
Dec 4, 2016
Go to Creator's Profile
Score Distribution
Quiz Creator Spotlight
bttorn
Follow
Send a Message
Quizzes Created
-
Created Quiz Play Count
-
More By This Creator
Popular Quizzes Today
1
Find the US States - No Outlines Minefield
2
Find the Countries of Europe - No Outlines Minefield
3
The Countries of the World
4
Find the US States
5
Risky Map Clicking: Biggest States A-Z
6
US States
7
Popular People in 1961
8
Movies - When Are They Set?
More Sports Quizzes
Newcastle United 2022/23 Opening Day Roster
Quiz Lab
Trending Quizzes
Risky Map Clicking: Least Populous States A-Z
USA Borders Longest to Shortest
1-10 Letter G Words
1-10 Letter F Words
Countries of the World: 200 Million BC
Recently Updated
Beyoncé Albums
pecheneg
Leaping Animals
pecheneg
Reality TV Shows (A-Z)
bhenderson79
Rickey Henderson's Hall of Fame Teammates
pecheneg
Champions League XIs: Arsenal
pecheneg
Quick Pick: Celebrities in WWE's Hall of Fame
aduchscher
A-Z Keypad Blitz II
pecheneg
Multiple Oscar Actors
pecheneg
Mystery Phrase Blitz: Oscar 'Best Actors'
pecheneg
F. Scott Fitzgerald Novels
LTH
Trending Topics
Marvel
NBA
Kpop
Crossword
Disney
Harry Potter
Anime
Soccer
Song
Puzzle
The Office
WWE
NFL
Country
Pokémon
Your Account Isn't Verified!
In order to create a playlist on Sporcle, you need to verify the email address you used during registration. Go to your
Sporcle Settings
to finish the process.
Report this User
Report this user for behavior that violates our
Community Guidelines
.
Details:
Send Report
Go to the Sporcle.com Mobile Site →
Comments